YouTube Kacke Hall of Fame - Statistiken

Allgemein
  • Dieses Quiz wurde 17 mal gespielt
  • Das Durchschnittsergebnis liegt bei 5 aus 15
Antwortstatistiken
Aufgenommen Pooper % Korrekt
2024 Galileel
88%
2024 MinerMorsel
88%
2024 PetersKotstube
63%
2024 Soosenbinder
44%
2024 Sostrator
44%
2024 Die Kotkuchl
31%
2024 Memorizzi
31%
2024 Pikminze
31%
2024 Schock TV
31%
2024 Edelrind
25%
2024 Jeezy Frankie
19%
2024 Saubstauger
13%
2024 Gigasoos
6%
2024 Seesamstraße
6%
2024 TheMackey5
6%
Keine übereinstimmenden Quizze gefunden
Verteilung der Resultate
Anzahl Personen mit jedem Resultat
Perzentil nach korrekt beantworteten Fragen
Ihre Resultats-Entwicklung
Sie haben dieses Quiz noch nicht gespielt